[Event "Challenge"]
[Site "http://www.queenalice.com/game.php?id=1272173"]
[Date "2014.4.11"]
[Round "-"]
[White "teodoricojose"]
[Black "heberesteves"]
[Result "1-0"]
[WhiteElo "1722"]
[BlackElo "1730"]

1. e4 e5 2. Nf3 d6 3. d4 Nc6 4. dxe5 dxe5 5. Qxd8+ Nxd8 6. Nxe5 Bd6 7. Bf4 Nf6
8. Nc3 O-O 9. O-O-O Ng4 10. Nd3 Nf6 11. Bxd6 cxd6 12. Nb5 Ne6 13. Nxd6 Ng5 14.
e5 Ng4 15. h3 Nh6 16. f4 Ne6 17. g4 Nd4 18. g5 Nhf5 19. Nxf5 Nxf5 20. Bg2 Ne3
21. Rd2 Nxg2 22. Rxg2 b5 23. Rd2 g6 24. Nb4 a5 25. Nd5 Re8 26. Nf6+ Kf8 27. Nxe8
Kxe8 28. Rhd1 Bxh3 29. Rd3 Be6 30. b3 a4 31. bxa4 bxa4 32. Ra3 Bg4 33. Rd4 Bd7
34. Kd2 Ra5 35. Kc3 Ra8 36. Kb4 Ke7 37. Kc5 Ra6 38. Rad3 Be8 39. Kb4 Ra7 40. c4
Bd7 41. c5 Bf5 42. Ra3 Bd7 43. Rc4 Bc6 44. Rd3 Ra6 45. Rd6 a3 46. Rc3 Ra4+ 47.
Kb3 Bd7 48. Rcd3 Ra7 49. c6 Be6+ 50. Kb4 Rc7 51. Rxa3 Kf8 52. Kb5 Bg4 53. Kb6
Rc8 54. c7 Ke7 55. Kb7 Bf5 56. Rc3 Bd7 57. Rcd3 Bf5 58. Rd8 Bxd3 59. Rxc8 Be4+
60. Kb8 Bf5 61. Rd8 Bd7 62. Rxd7+ Kxd7 63. c8=Q+ Ke7 64. Kc7 f6 65. Qd7+ Kf8 66.
gxf6 h5 67. Qe7+ Kg8 68. Qg7# 1-0

[Event "Challenge"]
[Site "http://www.queenalice.com/game.php?id=1272174"]
[Date "2014.4.11"]
[Round "-"]
[White "heberesteves"]
[Black "teodoricojose"]
[Result "1-0"]
[WhiteElo "1729"]
[BlackElo "1708"]

1. e4 d6 2. d4 Nf6 3. Nc3 g6 4. Nf3 Bg7 5. e5 dxe5 6. dxe5 Qxd1+ 7. Nxd1 Ng4 8.
Bf4 Nc6 9. h3 Ngxe5 10. Be2 O-O 11. O-O Bf5 12. Ne3 Be4 13. c3 Bxf3 14. gxf3
Rac8 15. b4 Nd7 16. Rac1 a6 17. a4 e5 18. Bg3 Rfe8 19. b5 axb5 20. Bxb5 Ndb8 21.
Ra1 e4 22. f4 Bxc3 23. Ra3 Bd4 24. Nd5 Red8 25. Ne3 Nb4 26. Bh4 Rd6 27. Be7 Bb2
28. Rb3 Rd3 29. Rxb4 Bc3 30. Rb3 Nc6 31. Bxd3 Re8 32. Bc5 1-0

[Event "Challenge"]
[Site "http://www.queenalice.com/game.php?id=1272176"]
[Date "2014.4.11"]
[Round "-"]
[White "obelisksoldier"]
[Black "heberesteves"]
[Result "1-0"]
[WhiteElo "1695"]
[BlackElo "1714"]

1. d4 d5 2. c4 e6 3. Nc3 dxc4 4. e4 Bb4 5. Bxc4 c6 6. Nf3 b5 7. Bb3 a5 8. O-O a4
9. Bc2 Nf6 10. a3 Be7 11. e5 Nh5 12. Ng5 Bxg5 13. Qxh5 Bxc1 14. Rfxc1 g6 15. Qh6
Nd7 16. Qg7 Ke7 17. Ne4 Qg8 18. Qh6 Kd8 19. Bd3 Kc7 20. Bxb5 Bb7 21. Nf6 Nxf6
22. exf6 Ra5 23. Qf4+ Kb6 24. Be2 Rf5 25. Qd6 Qf8 26. Qb4+ Qxb4 27. axb4 Rxf6
28. Rxa4 Ra8 29. Ra3 h5 30. Rca1 Rf4 31. Rxa8 Bxa8 32. Rxa8 Rxd4 33. f3 Rxb4 34.
Rb8+ Kc5 35. Rxb4 Kxb4 36. Bd1 f5 37. Kf2 g5 38. Ke3 e5 39. Bc2 c5 40. Bxf5 Kb3
41. Ke4 c4 42. Be6 Kb4 43. Kxe5 Kb3 44. Kf5 Kxb2 45. Bxc4 1-0

[Event "Challenge"]
[Site "http://www.queenalice.com/game.php?id=1272177"]
[Date "2014.4.11"]
[Round "-"]
[White "heberesteves"]
[Black "obelisksoldier"]
[Result "0-1"]
[WhiteElo "1750"]
[BlackElo "1640"]

1. e4 d6 2. d4 g6 3. d5 Bg7 4. Nf3 Nf6 5. Nc3 O-O 6. Bd3 c6 7. O-O cxd5 8. exd5
Nbd7 9. a4 Nb6 10. Bc4 Nxc4 11. b3 Nb6 12. a5 Nbxd5 13. Nxd5 Nxd5 14. Ra2 Nc3
0-1

[Event "Challenge"]
[Site "http://www.queenalice.com/game.php?id=1277274"]
[Date "2014.4.29"]
[Round "-"]
[White "heberesteves"]
[Black "obelisksoldier"]
[Result "0-1"]
[WhiteElo "1683"]
[BlackElo "1712"]

1. e4 c5 2. Nf3 d6 3. Bc4 e6 4. d4 cxd4 5. Qxd4 Nc6 6. Qd1 Nf6 7. O-O Nxe4 8.
Bd3 Nc5 9. Bd2 Nxd3 10. cxd3 Be7 11. Nc3 O-O 12. a3 a6 13. b4 b5 14. d4 Bf6 15.
Ne2 Bb7 16. Rc1 h6 17. Ng3 Nxd4 18. Be3 Nxf3+ 19. gxf3 Bd5 20. Nh5 Be5 21. f4
Bf6 22. Nxf6+ Qxf6 23. Qg4 Qg6 24. h3 Qxg4+ 25. hxg4 Rfc8 26. Rcd1 Rc3 27. Bc1
Rac8 28. Bb2 Rh3 29. f3 Rc2 30. Rf2 Rxf2 31. Kxf2 Rh2+ 32. Kg3 Rxb2 33. Rc1 Bc4
34. g5 hxg5 35. fxg5 Rb3 36. Kg4 Rxa3 37. f4 Rb3 38. Kh5 g6+ 39. Kg4 Rxb4 40.
Rc3 d5 41. Ra3 Ra4 42. Rh3 b4 43. Kh4 b3 0-1

[Event "Challenge"]
[Site "http://www.queenalice.com/game.php?id=1277601"]
[Date "2014.4.30"]
[Round "-"]
[White "heberesteves"]
[Black "teodoricojose"]
[Result "1-0"]
[WhiteElo "1668"]
[BlackElo "1769"]

1. e4 d6 2. d4 Nf6 3. Nc3 g6 4. e5 dxe5 5. dxe5 Qxd1+ 6. Nxd1 Ng4 7. Nf3 Nc6 8.
Bb5 Bd7 9. Bf4 Bg7 10. Nc3 O-O-O 11. O-O Ngxe5 12. Be2 Bg4 13. Ng5 Bxe2 14. Nxe2
h6 15. Nh3 Ng4 16. c3 e5 17. Be3 Nxe3 18. fxe3 f5 19. b4 Ne7 20. c4 g5 21. a4 g4
22. Nf2 Ng6 23. g3 Rhf8 24. a5 f4 25. exf4 exf4 26. Ra3 fxg3 27. Rxg3 Rd2 28.
Rxg4 Rxe2 29. Rxg6 Bd4 30. Rg2 Kd7 31. h4 Ke6 32. b5 Kf5 33. a6 b6 34. h5 Rc2
35. Kh2 Ke6 36. Rg6+ Rf6 37. Rxf6+ Bxf6 38. Re1+ Be5+ 39. Kg2 Kf5 40. Kf3 Bd4
41. Ng4 Kg5 42. Rd1 Rxc4 43. Rh1 Rb4 44. Rd1 Bc5 45. Rd5+ Kh4 46. Nxh6 Rxb5 47.
Nf7 Rb3+ 48. Ke4 Re3+ 49. Kf4 Re7 50. Nd8 Be3+ 51. Kf3 c5 52. Nc6 Re8 53. Nxa7
c4 54. Nb5 Bg5 55. a7 Rc8 56. Rd7 Kxh5 57. Rb7 c3 58. Rb8 c2 59. Rxc8 c1=Q 60.
Rxc1 Bxc1 61. a8=Q 1-0

[Event "Challenge"]
[Site "http://www.queenalice.com/game.php?id=1280671"]
[Date "2014.5.10"]
[Round "-"]
[White "Redtom"]
[Black "heberesteves"]
[Result "1-0"]
[WhiteElo "2071"]
[BlackElo "1707"]

1. e4 e5 2. Nc3 Nf6 3. f4 exf4 4. e5 Ng8 5. Nf3 d6 6. d3 dxe5 7. Be2 Nc6 8. O-O
Nf6 9. Ne4 Be7 10. b3 Nd4 11. Kh1 Nxe2 12. Qxe2 Bg4 13. Bb2 Nxe4 14. Qxe4 c6 15.
Nxe5 Bd7 16. Nxd7 Qxd7 17. Bxg7 Rg8 18. Bf6 Rg6 19. Bxe7 Qxe7 20. Qxf4 Rf6 21.
Qe4 Rxf1+ 22. Rxf1 Qxe4 23. dxe4 Rd8 24. c3 Rd2 25. Ra1 Re2 26. h3 Rxe4 27. Kg1
b5 28. Kf2 a5 29. Kf3 Re6 30. Rd1 Rf6+ 31. Kg3 c5 32. Rd5 Rc6 33. Kf3 Kf8 34. g4
Kg7 35. g5 Kg6 36. Kf4 a4 37. bxa4 bxa4 38. c4 f6 39. h4 h5 40. gxh6 Kxh6 41.
Ke4 a3 42. Rd3 Ra6 43. Kd5 Ra5 44. Rf3 Kh5 45. Rxf6 Kxh4 46. Rc6 Ra8 47. Kxc5
Ra5+ 48. Kb4 Rg5 49. Kxa3 Kg4 50. Kb3 Kf4 51. a4 Kf5 52. Rc5+ Kf6 53. Rxg5 1-0

[Event "OS INCLIVEIS"]
[Site "http://www.queenalice.com/game.php?id=1282407"]
[Date "2014.5.18"]
[Round "-"]
[White "adelio"]
[Black "heberesteves"]
[Result "1-0"]
[WhiteElo "1746"]
[BlackElo "1697"]

1. b4 e5 2. b5 a6 3. c4 d6 4. e4 Be6 5. Be2 Nf6 6. d3 axb5 7. cxb5 b6 8. h4 Be7
9. h5 h6 10. g4 d5 11. g5 hxg5 12. Bxg5 Ra5 13. d4 Nxe4 14. Bxe7 Qxe7 15. a3 Qf6
16. Nf3 Ng3 17. fxg3 e4 18. Ne5 e3 19. Qd3 Qf2+ 20. Kd1 Bf5 21. Qb3 Be4 22. Re1
Qxg3 23. Nc3 Bf3 24. Nxf3 Rxh5 25. Ne5 Rh2 26. Qxd5 Qf4 27. Nc6 Nd7 28. Nxa5 Nf6
29. Qa8+ Ke7 30. Nc6+ Ke6 31. Qc8+ Nd7 32. Qe8+ Kf6 33. Nd5+ Kf5 34. Qxf7+ 1-0

[Event "Challenge"]
[Site "http://www.queenalice.com/game.php?id=1288231"]
[Date "2014.6.14"]
[Round "-"]
[White "heberesteves"]
[Black "FatFarter"]
[Result "0-1"]
[WhiteElo "1707"]
[BlackElo "1500"]

1. e4 e5 2. Nf3 Nc6 3. Bc4 h6 4. O-O Nf6 5. Nc3 Nxe4 6. Nxe4 d5 7. Bd3 dxe4 8.
Bxe4 Bd6 9. c3 f5 10. Bd5 e4 11. Nd4 Bxh2+ 12. Kxh2 Qxd5 13. Qh5+ Qf7 14. Qxf7+
Kxf7 15. Nb5 a6 16. Nxc7 Rb8 17. b4 Rd8 18. a4 Rd7 19. b5 axb5 20. Nxb5 Ne5 21.
Nd4 Re7 22. Ba3 Re8 23. f4 Nc4 24. Bc1 Bd7 25. a5 Kf6 26. Nc2 g5 27. g3 g4 28.
Ne3 Nxe3 29. dxe3 h5 30. a6 bxa6 31. Rxa6+ Re6 32. Ra7 Bb5 33. Rd1 Bd3 34. Rd2
Rc6 35. Bb2 Kg6 36. Kg2 Rcb6 37. Ba3 Rb1 38. Ra6+ Bxa6 39. Rd6+ Kf7 40. Rxa6
R8b6 41. Ra4 Ra1 42. Ra7+ Kg6 43. Ra4 Ra2+ 44. Kf1 Rb1+ 45. Bc1 Rxc1# 0-1

[Event "Brasil Hexa !!!!!"]
[Site "http://www.queenalice.com/game.php?id=1289095"]
[Date "2014.6.18"]
[Round "-"]
[White "Ana_Cris"]
[Black "heberesteves"]
[Result "0-1"]
[WhiteElo "1430"]
[BlackElo "1711"]

1. g4 e5 2. a3 Bc5 3. e3 d5 4. h3 d4 5. b4 Bb6 6. Nf3 f6 7. e4 Bd7 8. Bc4 a6 9.
d3 a5 10. b5 a4 11. Bd2 c6 12. Nh4 cxb5 13. Bd5 Ne7 14. Qf3 Nxd5 15. exd5 Na6
16. Nf5 Nc5 17. d6 Bc6 18. Nxg7+ Kf7 19. Qf5 Bxh1 20. Bg5 Kxg7 21. Bh4 h6 22. f4
exf4 23. Qxf4 Ne6 24. Qh2 Bc6 25. Nd2 Ba5 0-1

[Event "Betim_Xadrez-2"]
[Site "http://www.queenalice.com/game.php?id=1297748"]
[Date "2014.7.28"]
[Round "4"]
[White "rafael_100000"]
[Black "heberesteves"]
[Result "0-1"]
[WhiteElo "1860"]
[BlackElo "1716"]

1. e4 e5 2. Nf3 d6 3. Nc3 c6 4. d4 Be7 5. dxe5 dxe5 6. Qxd8+ Bxd8 7. Nxe5 Nf6 8.
Bc4 Be6 9. Bxe6 fxe6 10. O-O O-O 11. Bg5 h6 12. Bxf6 Bxf6 13. Ng6 Rd8 14. h4 e5
15. h5 b5 16. b4 Na6 17. a3 Rd4 18. f4 exf4 19. Nxf4 Rd2 20. Rac1 Bxc3 21. Nd3
Bd4+ 22. Kh1 c5 23. bxc5 Nxc5 24. Nxc5 Bxc5 25. Rcd1 Rxc2 26. Rd5 a5 27. Ra1 Rc4
28. Re5 Bd4 29. Rxb5 Bxa1 30. e5 Ra4 0-1

[Event "Amizade Bancas"]
[Site "http://www.queenalice.com/game.php?id=1322318"]
[Date "2014.11.15"]
[Round "-"]
[White "heberesteves"]
[Black "Ana_Cris"]
[Result "1-0"]
[WhiteElo "1753"]
[BlackElo "1425"]

1. e4 a6 2. d4 h6 3. e5 e6 4. Nf3 g5 5. g4 Bg7 6. Nc3 Ne7 7. Bg2 b5 8. h4 gxh4
9. Rxh4 Bb7 10. a3 Ng6 11. Rh2 Qe7 12. Bd2 b4 13. axb4 Qxb4 14. Na4 Qe7 15. Nc5
Bxf3 16. Bxf3 Nc6 17. Rxa6 Rxa6 18. Nxa6 Nxd4 19. Nxc7+ Kf8 20. c3 1-0

[Event "Amizade Pretas"]
[Site "http://www.queenalice.com/game.php?id=1322319"]
[Date "2014.11.15"]
[Round "-"]
[White "Ana_Cris"]
[Black "heberesteves"]
[Result "0-1"]
[WhiteElo "1422"]
[BlackElo "1756"]

1. g4 e5 2. d3 d5 3. g5 g6 4. b3 d4 5. h3 Bb4+ 6. Bd2 Be7 7. Nf3 Nc6 8. a3 b5 9.
b4 a5 10. bxa5 Nxa5 11. Bxa5 Rxa5 12. Qd2 Ra8 13. Nxe5 Bd6 14. Nc6 Qd7 15. Nxd4
Bb7 16. Qe3+ Qe7 17. Nf3 b4 18. Bg2 bxa3 19. h4 a2 20. Nc3 Bb4 0-1

[Event "Challenge"]
[Site "http://www.queenalice.com/game.php?id=1355017"]
[Date "2015.4.22"]
[Round "-"]
[White "obelisksoldier"]
[Black "heberesteves"]
[Result "1-0"]
[WhiteElo "1920"]
[BlackElo "1763"]

1. e4 e5 2. f4 Nc6 3. Nf3 exf4 4. d4 d5 5. e5 Bg4 6. Bxf4 Nxd4 7. Qxd4 c6 8.
Nbd2 a6 9. Be2 c5 10. Qa4+ Bd7 11. Qb3 c4 12. Qxb7 a5 13. Qxd5 Ne7 14. Qxc4 Rc8
15. Qd3 Bf5 16. Qxd8+ Rxd8 17. Bb5+ Bd7 18. a4 Nf5 19. Bxd7+ Rxd7 20. O-O Bc5+
21. Kh1 O-O 22. Nb3 Bb6 23. c4 Ne3 24. Bxe3 Bxe3 25. Rfe1 Bb6 26. c5 Bc7 27.
Rad1 Rdd8 28. g3 Rb8 29. Re3 Rfe8 30. Rdd3 Rb4 31. Rd7 Rc8 32. Ng5 h6 33. Nxf7
Rf8 34. e6 Bb8 35. Kg2 Rxa4 36. e7 Re8 37. Nd6 Bxd6 38. cxd6 Kh7 39. Rd8 Rc4 40.
Rxe8 Rc2+ 41. Re2 Rxe2+ 42. Kh3 a4 43. d7 axb3 44. d8=Q Rxb2 45. Rh8+ Kg6 46.
e8=Q+ Kf5 47. Rf8# 1-0

[Event "New Challenge"]
[Site "http://www.queenalice.com/game.php?id=1355618"]
[Date "2015.4.25"]
[Round "-"]
[White "heberesteves"]
[Black "obelisksoldier"]
[Result "1-0"]
[WhiteElo "1753"]
[BlackElo "1908"]

1. e4 e5 2. Nf3 Nc6 3. d4 exd4 4. Nxd4 Nf6 5. Nxc6 bxc6 6. e5 Qe7 7. Qe2 Nd5 8.
c4 Ba6 9. Nd2 Nf4 10. Qg4 Qxe5+ 11. Be2 Bb4 12. g3 Qxe2+ 13. Qxe2+ Nxe2 14. Kxe2
Bxd2 15. Bxd2 Bxc4+ 16. Ke3 O-O 17. b3 Rfe8+ 18. Kd4 Bd5 19. Rhe1 f6 20. Rec1 a5
21. Bf4 d6 22. h4 h6 23. Rg1 g5 24. hxg5 hxg5 25. Be3 Kg7 26. g4 Re4+ 27. Kd3
Rh8 28. Rac1 Rh4 29. f3 Re8 30. Bf2 Rh2 31. Bg3 Rxa2 32. Rge1 Rxe1 33. Rxe1 Kf7
34. Kc3 Ra3 35. Rb1 a4 36. Kb4 Rxb3+ 37. Rxb3 axb3 38. Kc3 Bxf3 39. Kxb3 Bxg4
40. Kc3 Ke6 41. Kd4 c5+ 42. Kc4 Be2+ 43. Kc3 1-0

[Event "Challenge"]
[Site "http://www.queenalice.com/game.php?id=1357072"]
[Date "2015.5.2"]
[Round "-"]
[White "JORAM2205"]
[Black "heberesteves"]
[Result "0-1"]
[WhiteElo "1768"]
[BlackElo "1759"]

1. e4 e5 2. Nf3 Nc6 3. Bc4 h6 4. d3 Nf6 5. Nc3 d6 6. Be3 Na5 7. Nd2 Nxc4 8. Nxc4
c6 9. h3 b5 10. Nd2 b4 11. Ne2 a5 12. Nc4 d5 13. Nb6 Rb8 14. Ng3 Ba6 15. exd5
cxd5 16. Nf5 d4 17. Nxd4 exd4 18. Na4 dxe3 19. fxe3 Bb5 20. b3 Bc6 21. Rg1 Nd5
22. Nb2 Qh4+ 23. Kd2 Qf6 24. Rb1 Nc3 25. Qg4 Qf2+ 26. Kc1 Qxg1+ 27. Nd1 Nxb1 28.
Kxb1 Qxg2 29. Qh4 Be7 30. Qf4 O-O 31. Nf2 Qf1+ 32. Kb2 Bf6+ 33. d4 Bg5 34. Qf5
Bxe3 35. Qxa5 Qc1# 0-1

[Event "Challenge"]
[Site "http://www.queenalice.com/game.php?id=1359344"]
[Date "2015.5.13"]
[Round "-"]
[White "Magogue"]
[Black "heberesteves"]
[Result "0-1"]
[WhiteElo "1184"]
[BlackElo "1777"]

1. e4 e5 2. f4 exf4 3. Bc4 c6 4. Nf3 b5 5. Bb3 a5 6. a3 a4 7. Ba2 h6 8. h4 d6 9.
d4 Bg4 10. Bxf4 Nf6 11. Nc3 Be7 12. Qd2 Nbd7 13. O-O-O Nb6 14. e5 dxe5 15. Bxe5
Nc4 16. Bxc4 bxc4 17. Qe2 Be6 0-1

[Event "Challenge"]
[Site "http://www.queenalice.com/game.php?id=1359345"]
[Date "2015.5.13"]
[Round "-"]
[White "heberesteves"]
[Black "Magogue"]
[Result "1-0"]
[WhiteElo "1775"]
[BlackElo "1218"]

1. e4 e5 2. Nf3 d6 3. d4 exd4 4. Nxd4 Nf6 5. Bd3 Be7 6. O-O O-O 7. Nd2 a6 8.
N2f3 Bg4 9. h3 Bd7 10. Bc4 Nxe4 11. Re1 Nf6 12. Ng5 h6 13. Nxf7 Rxf7 14. Re2 Qc8
15. Qd3 1-0

[Event "Challenge"]
[Site "http://www.queenalice.com/game.php?id=1372713"]
[Date "2015.7.22"]
[Round "-"]
[White "heberesteves"]
[Black "JORAM2205"]
[Result "0-1"]
[WhiteElo "1775"]
[BlackElo "1759"]

1. e4 e5 2. Nf3 d6 3. Bb5+ Bd7 4. Bc4 Nc6 5. Ng5 Qxg5 6. Qf3 f6 7. Bd5 Nd4 8.
Qd3 Qxg2 9. Rf1 Nf3+ 10. Ke2 Nxh2 11. Re1 Bg4+ 12. Qf3 Qxf3# 0-1